[Event "2BLO 2223 SK Göggingen - FC Bayern Mü"]
[Site "?"]
[Date "2022.11.26"]
[Round "3.2"]
[White "Braeuer, Franz"]
[Black "Belezky, Alexander"]
[Result "1-0"]
[WhiteElo "2447"]
[BlackElo "2343"]
[PlyCount "97"]
[EventDate "2022.??.??"]

1. e4 e6 2. d4 d5 3. e5 c5 4. c3 Qb6 5. Nf3 Nc6 6. a3 a5 7. Bd3 Bd7 8. Bc2 f6 9. O-O c4 10. Nbd2 Nh6 11. b3 cxb3 12. Bxb3 fxe5 13. dxe5 Nf7 14. c4 d4 15. Ne4 Nfxe5 16. Nxe5 Nxe5 17. c5 Qb5 18. Bf4 Qd3 19. Bxe5 Qxe4 20. Re1 Qg6 21. Qxd4 a4 22. Bc4 Be7 23. Re3 Bf6 24. Rae1 Bxe5 25. Rxe5 O-O-O 26. Qd6 Rhe8 27. h3 Qf6 28. c6 Bxc6 29. Bxe6+ Qxe6 30. Qxe6+ Rxe6 31. Rxe6 Rd3 32. R1e3 Rd1+ 33. Kh2 g6 34. Re7 h5 35. R7e6 Rd2 36. Kg1 g5 37. R6e5 Rd1+ 38. Re1 Rd3 39. Ra1 Rd5 40. Rxd5 Bxd5 41. Re1 g4 42. Re5 Bf7 43. hxg4 hxg4 44. Re4 b5 45. Rxg4 Kd7 46. Kf1 Kc6 47. Ke1 Kc5 48. Kd2 Be6 49. Rf4 1-0

[Event "2BLO 2223 SK Göggingen - FC Bayern Mü"]
[Site "?"]
[Date "2022.11.26"]
[Round "3.3"]
[White "Zajogin, Alexander"]
[Black "Nestorovic, Nikola"]
[Result "0-1"]
[WhiteElo "2394"]
[BlackElo "2477"]
[PlyCount "86"]
[EventDate "2022.??.??"]

1. d4 Nf6 2. c4 e6 3. Nc3 Bb4 4. e3 O-O 5. Nf3 d5 6. Bd2 Nc6 7. a3 Bd6 8. Qc2 dxc4 9. Bxc4 e5 10. d5 Ne7 11. Rd1 a6 12. Ng5 h6 13. Nge4 Nxe4 14. Nxe4 Bf5 15. Bc3 Ng6 16. O-O Bxe4 17. Qxe4 f5 18. Qc2 Qh4 19. Bb4 e4 20. Bxd6 cxd6 21. Be2 Rac8 22. Qa4 Rce8 23. g3 Qh3 24. f4 exf3 25. Rxf3 Re4 26. Rd4 Ne5 27. Rf2 Rxd4 28. Qxd4 Rc8 29. Qd1 g5 30. Qf1 Qxf1+ 31. Kxf1 Rc1+ 32. Kg2 Re1 33. h3 Kg7 34. g4 fxg4 35. hxg4 Rb1 36. Bf3 Nd3 37. Be4 Nxf2 38. Bxb1 Nxg4 39. Kf3 Ne5+ 40. Ke4 Kf6 41. Bc2 h5 42. Bd1 g4 43. Kf4 Nd3+ 0-1

[Event "2BLO 2223 SK Göggingen - FC Bayern Mü"]
[Site "?"]
[Date "2022.11.26"]
[Round "3.4"]
[White "Rozentalis, Eduardas"]
[Black "Unzicker, Ferdinand"]
[Result "1-0"]
[WhiteElo "2500"]
[BlackElo "2326"]
[PlyCount "109"]
[EventDate "2022.??.??"]

1. e4 c5 2. Nf3 d6 3. Bb5+ Bd7 4. c4 Nf6 5. Nc3 g6 6. d4 cxd4 7. Nxd4 Bg7 8. Bxd7+ Nbxd7 9. O-O O-O 10. b3 Qa5 11. Bb2 Rac8 12. Qd2 e6 13. Rad1 a6 14. Rfe1 Rfd8 15. h3 Qh5 16. Nf3 b5 17. cxb5 axb5 18. Qxd6 Ne8 19. Qb4 Qc5 20. Qxc5 Nxc5 21. Rxd8 Rxd8 22. e5 b4 23. Ne4 Nd3 24. Re2 Nxb2 25. Rxb2 Rd1+ 26. Kh2 Rd5 27. Re2 Kf8 28. Ned2 Nc7 29. Nc4 Nb5 30. Nb6 Rd3 31. Re4 Nc3 32. Rxb4 Nxa2 33. Ra4 Rxb3 34. Ra8+ Ke7 35. Ra7+ Ke8 36. Nc4 Nc1 37. Nd6+ Kf8 38. Rxf7+ Kg8 39. Rd7 Rb8 40. Ne4 Rf8 41. Nc5 Re8 42. g3 Na2 43. Kg2 Nc3 44. Rd6 Bf8 45. Rxe6 Ra8 46. Nd7 Ne4 47. Nf6+ Kf7 48. Rc6 Nxf6 49. Rxf6+ Kg7 50. Rc6 Ra5 51. Rc7+ Kg8 52. h4 h6 53. e6 Bd6 54. Rd7 Ra6 55. Ne5 1-0

[Event "2BLO 2223 SK Göggingen - FC Bayern Mü"]
[Site "?"]
[Date "2022.11.26"]
[Round "3.5"]
[White "Hoeglauer, Patrick"]
[Black "Arnaudov, G. Petar"]
[Result "1/2-1/2"]
[WhiteElo "2269"]
[BlackElo "2454"]
[PlyCount "115"]
[EventDate "2022.??.??"]

1. d4 Nf6 2. c4 e6 3. Nf3 Bb4+ 4. Nbd2 b6 5. a3 Bxd2+ 6. Qxd2 Bb7 7. g3 a5 8. b3 O-O 9. Bg2 Be4 10. O-O d6 11. Bb2 Nbd7 12. Rfd1 Qb8 13. Bf1 b5 14. Qc3 bxc4 15. bxc4 Nb6 16. a4 Bc6 17. Ba3 Nxa4 18. Qc2 Nb6 19. Re1 Be4 20. Qc1 Bxf3 21. exf3 Re8 22. Rb1 Qd8 23. f4 d5 24. cxd5 exd5 25. Rxe8+ Nxe8 26. Qc6 Rb8 27. Rb5 a4 28. Bc5 Nf6 29. Ra5 Qd7 30. Bb5 h5 31. Ra7 Qxc6 32. Bxc6 Nc4 33. Rxa4 Rb1+ 34. Kg2 Rb2 35. Rb4 Rc2 36. h3 Ne4 37. Bxd5 Rxf2+ 38. Kg1 Ncd2 39. Bxe4 Nxe4 40. Rb8+ Kh7 41. Rb7 Rf3 42. Rxc7 Rxg3+ 43. Kh2 h4 44. Rxf7 Nd2 45. d5 Nf3+ 46. Kh1 Rxh3+ 47. Kg2 Rg3+ 48. Kf2 Nd2 49. Re7 Rd3 50. d6 Nb3 51. Bb4 Nd4 52. Re5 Nc6 53. Rh5+ Kg6 54. Rg5+ Kh6 55. Bc5 h3 56. Rg4 Rd5 57. Rh4+ Kg6 58. Be3 1/2-1/2

[Event "2BLO 2223 SK Göggingen - FC Bayern Mü"]
[Site "?"]
[Date "2022.11.26"]
[Round "3.6"]
[White "Stankovic, Milos"]
[Black "Rodewis, Thomas"]
[Result "1-0"]
[WhiteElo "2425"]
[BlackElo "2357"]
[PlyCount "113"]
[EventDate "2022.??.??"]

1. e4 c5 2. Nf3 e6 3. d4 cxd4 4. Nxd4 a6 5. Bd3 Bc5 6. Nb3 Ba7 7. Qe2 d6 8. Be3 Nf6 9. Nc3 b5 10. f4 Bxe3 11. Qxe3 e5 12. O-O-O Nbd7 13. Be2 Qe7 14. Na5 exf4 15. Qxf4 Ne5 16. Qd2 Be6 17. Qxd6 Qxd6 18. Rxd6 Ke7 19. Rhd1 Rhc8 20. Rb6 Nfd7 21. Rbd6 Nc5 22. R6d4 Rab8 23. Nd5+ Bxd5 24. exd5 Ncd7 25. Bg4 Nxg4 26. Nc6+ Rxc6 27. dxc6 Nde5 28. Re1 Kf6 29. h3 Nh6 30. Rd6+ Ke7 31. Rxh6 gxh6 32. Rxe5+ Kd6 33. Rh5 Kxc6 34. Rxh6+ Kd5 35. Rxh7 f5 36. Rg7 Ke4 37. Kd2 b4 38. Re7+ Kd4 39. Rf7 Ke4 40. Re7+ Kd4 41. Re3 f4 42. Rd3+ Ke4 43. g3 Rf8 44. gxf4 Rxf4 45. Ke2 a5 46. Rg3 Rf8 47. a3 Rc8 48. Kd2 Rd8+ 49. Kc1 bxa3 50. Rxa3 Rd5 51. Rc3 Rb5 52. b3 Kd5 53. Rc4 Kd6 54. Kb2 Rf5 55. h4 Rf1 56. Ra4 Rf5 57. Rg4 1-0

[Event "2BLO 2223 SK Göggingen - FC Bayern Mü"]
[Site "?"]
[Date "2022.11.26"]
[Round "3.7"]
[White "Webersberger, Johann"]
[Black "Pitl, Gregory"]
[Result "1/2-1/2"]
[WhiteElo "2350"]
[BlackElo "2372"]
[PlyCount "41"]
[EventDate "2022.??.??"]

1. c4 e5 2. Nc3 Nc6 3. g3 Bc5 4. Bg2 a6 5. e3 d6 6. Nge2 Ba7 7. a3 h5 8. h3 h4 9. g4 f5 10. gxf5 Bxf5 11. d3 Qd7 12. Qc2 Nf6 13. Bd2 Rh6 14. O-O-O Rg6 15. Rh2 O-O-O 16. b4 Rxg2 17. Rxg2 Bxh3 18. Rh2 g5 19. f3 Be6 20. e4 Rg8 21. Nd5 1/2-1/2

[Event "2BLO 2223 SK Göggingen - FC Bayern Mü"]
[Site "?"]
[Date "2022.11.26"]
[Round "3.8"]
[White "Kukov, Velislav"]
[Black "Schenk, Andreas"]
[Result "1/2-1/2"]
[WhiteElo "2342"]
[BlackElo "2411"]
[PlyCount "28"]
[EventDate "2022.??.??"]

1. d4 Nf6 2. Bf4 e6 3. e3 d5 4. Nd2 Bd6 5. Bg3 O-O 6. Bd3 c5 7. c3 Qc7 8. Ngf3 Nbd7 9. O-O Bxg3 10. hxg3 e5 11. dxe5 Nxe5 12. Nxe5 Qxe5 13. Qf3 Re8 14. Qf4 Bd7 1/2-1/2

[Event "2BLO 2223 SC NT Nürnberg - SK Passau"]
[Site "?"]
[Date "2022.11.26"]
[Round "3.1"]
[White "Diermair, Andreas"]
[Black "Milov, Leonid"]
[Result "1/2-1/2"]
[WhiteElo "2442"]
[BlackElo "2433"]
[PlyCount "63"]
[EventDate "2022.??.??"]

1. d4 d5 2. c4 c6 3. Nf3 Nf6 4. e3 Bf5 5. Nc3 e6 6. Nh4 Bg6 7. Nxg6 hxg6 8. Bd2 Nbd7 9. Qc2 Qc7 10. g3 Be7 11. Be2 Rc8 12. e4 dxe4 13. Nxe4 c5 14. dxc5 Nxe4 15. Qxe4 Nxc5 16. Qf3 Bf6 17. Bc3 e5 18. Rd1 e4 19. Qe3 Bxc3+ 20. Qxc3 O-O 21. O-O Rfd8 22. Rd5 a5 23. Rfd1 b6 24. Qd4 Rxd5 25. cxd5 Qd6 26. Bb5 Rc7 27. a3 f5 28. b4 axb4 29. axb4 Nd7 30. Bxd7 Rxd7 31. Rc1 Kf7 32. Ra1 1/2-1/2

[Event "2BLO 2223 SC NT Nürnberg - SK Passau"]
[Site "?"]
[Date "2022.11.26"]
[Round "3.2"]
[White "Yelisieiev, Yevhenii"]
[Black "Schwabeneder, Florian"]
[Result "0-1"]
[WhiteElo "2398"]
[BlackElo "2414"]
[PlyCount "118"]
[EventDate "2022.??.??"]

1. d4 Nf6 2. Nf3 e6 3. c4 Bb4+ 4. Nbd2 O-O 5. a3 Be7 6. e4 d6 7. Be2 c5 8. d5 Nbd7 9. O-O e5 10. Ne1 Ne8 11. g3 g6 12. Nd3 f5 13. b4 b6 14. f4 Ng7 15. fxe5 Nxe5 16. Nxe5 dxe5 17. Bb2 Bd6 18. Qb3 Qe7 19. Bd3 f4 20. gxf4 Bh3 21. Rf3 Bg4 22. Rf2 Qh4 23. Nf3 Bxf3 24. Rxf3 Qg4+ 25. Rg3 Qxf4 26. Qc2 Nh5 27. Bc1 Qf7 28. Rg2 Nf4 29. Bxf4 Qxf4 30. Qd2 Qxd2 31. Rxd2 cxb4 32. axb4 Bxb4 33. Rda2 a5 34. Kg2 Rf4 35. Rf1 Rxf1 36. Kxf1 a4 37. Bb1 a3 38. Rf2 Bc5 39. Rd2 Kf7 40. Ba2 Ke7 41. Kg2 Ra4 42. Kf3 Rb4 43. Ke2 Kd6 44. Kd3 Bd4 45. Rg2 Rb2 46. Rxb2 Bxb2 47. Kc2 Bd4 48. Kb3 Bc5 49. Bb1 Ke7 50. Bc2 Kf6 51. Bb1 g5 52. Kc3 g4 53. Kb3 h5 54. Bd3 Kg5 55. Bb1 h4 56. Bd3 Kf4 57. Be2 g3 58. hxg3+ hxg3 59. Bf1 Kf3 0-1

[Event "2BLO 2223 SC NT Nürnberg - SK Passau"]
[Site "?"]
[Date "2022.11.26"]
[Round "3.3"]
[White "Leisch, Lukas"]
[Black "Hoffmann, Sebastian"]
[Result "1-0"]
[WhiteElo "2395"]
[BlackElo "2150"]
[PlyCount "79"]
[EventDate "2022.??.??"]

1. e4 c6 2. Nc3 d5 3. Nf3 Nf6 4. e5 Ne4 5. Ne2 Qb6 6. d4 e6 7. c3 c5 8. Ng3 Nc6 9. Bd3 Nxg3 10. hxg3 cxd4 11. cxd4 Bd7 12. Kf1 Be7 13. g4 O-O-O 14. g5 Kb8 15. g3 Rc8 16. Kg2 f6 17. Rxh7 Rxh7 18. Bxh7 fxg5 19. g4 Rh8 20. Qd3 Nxd4 21. Be3 Bb5 22. Qb1 Bc5 23. b4 Nxf3 24. bxc5 Nh4+ 25. Kg3 Qd8 26. Qxb5 Rxh7 27. c6 g6 28. Bc5 Ka8 29. Bd6 Qh8 30. cxb7+ Rxb7 31. Qc6 a5 32. Rb1 Nf5+ 33. Kg2 Nxd6 34. exd6 Qg7 35. Qc8+ Ka7 36. Rxb7+ Qxb7 37. d7 Qb4 38. Qc7+ Ka6 39. d8=Q Qe4+ 40. Kh2 1-0

[Event "2BLO 2223 SC NT Nürnberg - SK Passau"]
[Site "?"]
[Date "2022.11.26"]
[Round "3.4"]
[White "Kirchner, Thomas"]
[Black "Schreiner, Peter"]
[Result "1/2-1/2"]
[WhiteElo "2324"]
[BlackElo "2393"]
[PlyCount "134"]
[EventDate "2022.??.??"]

1. e4 e5 2. Nf3 Nc6 3. Bc4 Nf6 4. d3 Bc5 5. O-O a6 6. c3 Ba7 7. Bb3 d6 8. Be3 Bxe3 9. fxe3 Ne7 10. Nbd2 Ng6 11. Qe1 a5 12. a3 c6 13. Kh1 O-O 14. Rb1 b5 15. d4 Qe7 16. Nh4 Nxh4 17. Qxh4 a4 18. Bc2 Be6 19. Rf3 Nd5 20. Qg3 Nb6 21. dxe5 dxe5 22. Qxe5 Rad8 23. Rf2 Rfe8 24. Qg3 Nc4 25. Nxc4 Bxc4 26. Qf3 Rd6 27. Rd1 Red8 28. Rxd6 Rxd6 29. h3 g6 30. Kh2 Kg7 31. Qg3 h5 32. Kg1 Bb3 33. Bxb3 axb3 34. Qf3 Re6 35. e5 Qc7 36. Qf4 Rxe5 37. Qf6+ Kg8 38. Rd2 Re8 39. Rd6 Qa7 40. Rxc6 Qxe3+ 41. Qf2 Qd3 42. Rf6 Re2 43. Qa7 Qd5 44. Rf2 Re1+ 45. Rf1 Re2 46. Rf2 Rc2 47. Qe3 h4 48. Qf4 Qe6 49. Kh2 Qe7 50. Kg1 Qa7 51. Kf1 Qe7 52. Kg1 Kg7 53. Kh2 f6 54. Kg1 g5 55. Qd4 Qe1+ 56. Rf1 Qe6 57. Rf2 Qe1+ 58. Rf1 Qe5 59. Qd7+ Kg6 60. Qd8 Qe6 61. Qd3+ Kg7 62. Rf2 Qe1+ 63. Rf1 Qd2 64. Qf3 Qd6 65. Qb7+ Kg6 66. Qe4+ Kh6 67. Qe8 Rxg2+ 1/2-1/2

[Event "2BLO 2223 SC NT Nürnberg - SK Passau"]
[Site "?"]
[Date "2022.11.26"]
[Round "3.5"]
[White "Weiss, Christian"]
[Black "Promyshlyanskiy, Vitaliy"]
[Result "1/2-1/2"]
[WhiteElo "2378"]
[BlackElo "2261"]
[PlyCount "52"]
[EventDate "2022.??.??"]

1. d4 Nf6 2. g3 c5 3. d5 b5 4. Bg2 d6 5. Nf3 Nbd7 6. Nfd2 Nb6 7. e4 g6 8. O-O Bg7 9. Re1 O-O 10. Bf1 Bd7 11. c4 a6 12. Na3 Qe8 13. Rb1 Na4 14. Nc2 Ng4 15. h3 Ne5 16. Ne3 Rb8 17. Qc2 f5 18. exf5 bxc4 19. fxg6 hxg6 20. f4 Nd3 21. Bxd3 cxd3 22. Qxd3 Bxh3 23. Ne4 Bd4 24. b3 Qb5 25. Qc2 Bf5 26. g4 Bxg4 1/2-1/2

[Event "2BLO 2223 SC NT Nürnberg - SK Passau"]
[Site "?"]
[Date "2022.11.26"]
[Round "3.6"]
[White "Kabatianski, Alexander"]
[Black "Testor, Sebastian"]
[Result "1/2-1/2"]
[WhiteElo "2359"]
[BlackElo "2339"]
[PlyCount "176"]
[EventDate "2022.??.??"]

1. c4 Nf6 2. g3 e6 3. Bg2 d5 4. Nf3 Be7 5. O-O O-O 6. b3 b6 7. Bb2 Bb7 8. cxd5 Bxd5 9. Nc3 Bb7 10. d4 Nbd7 11. Re1 Ne4 12. Qc2 Nxc3 13. Bxc3 Qb8 14. e4 Bf6 15. Rad1 Rd8 16. Bd2 Be7 17. Bf4 Bd6 18. Bg5 Re8 19. Nd2 h6 20. Be3 Bb4 21. Qb2 Nf6 22. a3 Bf8 23. f3 a5 24. Nc4 Qd8 25. Rc1 Nd7 26. Bf2 Qe7 27. a4 Qd8 28. Red1 Bb4 29. Rd3 Qe7 30. Rcd1 Rad8 31. Qc2 Ba6 32. Rc1 Rc8 33. Rdd1 Bb7 34. Ne3 Ba3 35. Rb1 Bb4 36. Qe2 Nf6 37. Nc2 Red8 38. Nxb4 Qxb4 39. Be1 Qe7 40. b4 axb4 41. Bxb4 Qd7 42. a5 bxa5 43. Bxa5 Ra8 44. Be1 Ba6 45. Qb2 c6 46. Bf2 Bb5 47. g4 Ra4 48. Ra1 Rda8 49. Rxa4 Rxa4 50. h4 Qe8 51. Ra1 Qa8 52. Rxa4 Qxa4 53. Qd2 Qa1+ 54. Kh2 Bf1 55. Bh1 Bb5 56. Qe3 Qd1 57. h5 Nh7 58. Be1 Qc2+ 59. Kg3 Qb1 60. Bg2 Nf8 61. Qd2 Qb3 62. Kh2 Qb1 63. Bg3 Bf1 64. Bh1 Bb5 65. Be5 Nd7 66. Bg3 Nf6 67. Be1 Qb3 68. Bg2 Qb1 69. Qf2 Qd1 70. Bd2 Qc2 71. Kg3 Qb3 72. Kh4 Qd1 73. g5 hxg5+ 74. Bxg5 Nh7 75. Be3 Qb3 76. Bf4 Qb4 77. Kh3 Qe7 78. Qg3 Qf6 79. Be3 Qd8 80. Kh2 Qf6 81. Bh3 Nf8 82. Kg2 Qd8 83. Bg4 Qe7 84. Bf2 Qg5 85. Qb8 Qc1 86. Qg3 Qg5 87. f4 Qf6 88. Bf3 Qd8 1/2-1/2

[Event "2BLO 2223 SC NT Nürnberg - SK Passau"]
[Site "?"]
[Date "2022.11.26"]
[Round "3.7"]
[White "Pflug, Matthias"]
[Black "Kochiev, Ivan"]
[Result "1-0"]
[WhiteElo "2246"]
[BlackElo "2035"]
[PlyCount "83"]
[EventDate "2022.??.??"]

1. e4 c5 2. Nf3 d6 3. d4 cxd4 4. Nxd4 Nf6 5. Nc3 Nc6 6. Bc4 e6 7. Be3 a6 8. Qe2 Qc7 9. O-O-O Be7 10. f3 b5 11. Nxc6 Qxc6 12. Nxb5 Rb8 13. Nc3 Bb7 14. g4 Nd7 15. g5 O-O 16. h4 Rfc8 17. Bb3 Nc5 18. Qf2 Nxb3+ 19. cxb3 Bd8 20. Kb1 a5 21. Bf4 Be7 22. Qh2 Rd8 23. Rd2 Rd7 24. Rc1 Qa6 25. Qe2 Qa8 26. Rcd1 Rbd8 27. Na4 Ba6 28. Qf2 Qc6 29. Qb6 Bb5 30. Qxc6 Bxc6 31. Nb6 Rb7 32. Nc4 Ra8 33. Bxd6 a4 34. Bxe7 Rxe7 35. Nb6 Ra6 36. Rd8+ Re8 37. Nxa4 Kf8 38. Nc5 Ra7 39. a4 Ke7 40. Rxe8+ Bxe8 41. Ka2 Bc6 42. Ka3 1-0

[Event "2BLO 2223 SC NT Nürnberg - SK Passau"]
[Site "?"]
[Date "2022.11.26"]
[Round "3.8"]
[White "Heimrath, Reiner"]
[Black "Hellmayr, Alois"]
[Result "1-0"]
[WhiteElo "2187"]
[BlackElo "2201"]
[PlyCount "91"]
[EventDate "2022.??.??"]

1. e4 c5 2. Nc3 e6 3. g3 d5 4. Bg2 d4 5. Nce2 Nc6 6. d3 g6 7. f4 Bg7 8. Nh3 Nge7 9. O-O O-O 10. Kh1 Qd7 11. Nf2 b6 12. a3 Bb7 13. g4 f5 14. Ng3 Rae8 15. b4 Rc8 16. Bd2 Nd8 17. Qe2 Nf7 18. Rfe1 Rfe8 19. a4 Bc6 20. a5 Bb5 21. axb6 axb6 22. bxc5 bxc5 23. Reb1 c4 24. Bb4 cxd3 25. cxd3 e5 26. gxf5 exf4 27. fxg6 Nxg6 28. Bh3 Qc6 29. Nf5 Qc2 30. Qf1 Ra8 31. Rxa8 Rxa8 32. Ne7+ Nxe7 33. Bxe7 Qc7 34. Bh4 Bd7 35. Rc1 Qd6 36. Qg2 Bxh3 37. Qxh3 Ne5 38. Rg1 Ng6 39. Qg4 Rf8 40. Bg5 Qe5 41. h4 Kh8 42. h5 Ne7 43. h6 Ng6 44. hxg7+ Qxg7 45. Qh3 Rg8 46. Ng4 1-0

[Event "2BLO 2223 Erfurter SK - SC Bavaria Rege"]
[Site "?"]
[Date "2022.11.26"]
[Round "3.1"]
[White "Stocek, Jiri"]
[Black "Romanov, Evgeny"]
[Result "1/2-1/2"]
[WhiteElo "2555"]
[BlackElo "2597"]
[PlyCount "48"]
[EventDate "2022.??.??"]

1. d4 Nf6 2. c4 e6 3. Nf3 d5 4. Nc3 a6 5. Bg5 dxc4 6. a4 c5 7. e3 cxd4 8. exd4 Be7 9. Bxc4 O-O 10. Qe2 Nc6 11. Rd1 h6 12. Bc1 Qa5 13. O-O Rd8 14. Rfe1 Bb4 15. Rd3 Qh5 16. Qf1 b5 17. axb5 axb5 18. Bxb5 Bxc3 19. Rxc3 Nxd4 20. Nxd4 Rxd4 21. Be2 Qf5 22. Bd3 Qh5 23. Be2 Qf5 24. Bd3 Qh5 1/2-1/2

[Event "2BLO 2223 Erfurter SK - SC Bavaria Rege"]
[Site "?"]
[Date "2022.11.26"]
[Round "3.2"]
[White "Mihok, Oliver"]
[Black "Kaczur, Florian"]
[Result "1/2-1/2"]
[WhiteElo "2546"]
[BlackElo "2473"]
[PlyCount "104"]
[EventDate "2022.??.??"]

1. b3 e5 2. Bb2 Nc6 3. c4 d5 4. cxd5 Qxd5 5. Nc3 Qe6 6. Nf3 Bd7 7. e4 Bd6 8. Bc4 Qg6 9. O-O Nf6 10. Re1 O-O 11. Nb5 Bg4 12. Nxd6 cxd6 13. Qe2 Nh5 14. Qe3 Qf6 15. Qg5 Bxf3 16. Qxf6 gxf6 17. gxf3 Rfd8 18. Kh1 Kf8 19. Rg1 a6 20. Rg4 b5 21. Bd5 Rac8 22. Rh4 Nf4 23. Rxf4 exf4 24. Bxf6 Ne7 25. Rg1 Nxd5 26. Bxd8 Rxd8 27. exd5 Rc8 28. a4 Rc2 29. axb5 axb5 30. Rg4 Rxd2 31. Rxf4 Rxd5 32. Kg2 Ke7 33. Kf1 Re5 34. Rh4 h5 35. f4 Rc5 36. Ke2 Kf6 37. Rh3 Rc2+ 38. Kd3 Rxf2 39. Rxh5 Rf3+ 40. Ke4 Rxb3 41. Rh6+ Ke7 42. Rh8 Rc3 43. Rb8 Rc5 44. h4 Ke6 45. Re8+ Kf6 46. Rd8 Rc4+ 47. Ke3 Kf5 48. Rxd6 Re4+ 49. Kd3 Rxf4 50. Rd5+ Kg4 51. Rxb5 Kxh4 52. Ke3 Rf6 1/2-1/2

[Event "2BLO 2223 Erfurter SK - SC Bavaria Rege"]
[Site "?"]
[Date "2022.11.26"]
[Round "3.3"]
[White "Schneider, Jana"]
[Black "Haba, Petr"]
[Result "1-0"]
[WhiteElo "2284"]
[BlackElo "2451"]
[PlyCount "95"]
[EventDate "2022.??.??"]

1. e4 e5 2. Nf3 Nc6 3. Bb5 a6 4. Ba4 Nf6 5. O-O Nxe4 6. d4 b5 7. Bb3 d5 8. dxe5 Be6 9. Qe2 Be7 10. Rd1 O-O 11. c4 bxc4 12. Bxc4 Bc5 13. Be3 Bxe3 14. Qxe3 Qb8 15. Bb3 Na5 16. Nbd2 Qa7 17. Nxe4 Qxe3 18. fxe3 Nxb3 19. axb3 dxe4 20. Nd4 c5 21. Nxe6 fxe6 22. Rd6 Rab8 23. Ra3 c4 24. Rdxa6 Rxb3 25. Rxb3 cxb3 26. Rb6 Rc8 27. Rxb3 Rc2 28. Rb7 Re2 29. Rb3 h5 30. h4 Kf7 31. Kf1 Rc2 32. Rb7+ Kg6 33. b4 Rb2 34. b5 Rb1+ 35. Kf2 Rb2+ 36. Kf1 Rb1+ 37. Kf2 Rb2+ 38. Kg3 Re2 39. Re7 Rxe3+ 40. Kf4 Rb3 41. Rxe6+ Kf7 42. Rb6 e3 43. Kf3 Rb4 44. Kxe3 Rxh4 45. Rb8 Rh1 46. b6 Re1+ 47. Kf4 Rf1+ 48. Kg3 1-0

[Event "2BLO 2223 Erfurter SK - SC Bavaria Rege"]
[Site "?"]
[Date "2022.11.26"]
[Round "3.4"]
[White "Weishaeutel, Moritz"]
[Black "Pezelj, Novak"]
[Result "1-0"]
[WhiteElo "2411"]
[BlackElo "2492"]
[PlyCount "57"]
[EventDate "2022.??.??"]

1. d4 Nf6 2. c4 e6 3. Nc3 Bb4 4. e3 c5 5. Nge2 b6 6. a3 Ba5 7. Rb1 Na6 8. Qa4 Qe7 9. dxc5 Bxc3+ 10. Nxc3 Nxc5 11. Qc2 Bb7 12. b4 Nce4 13. Bb2 O-O 14. Bd3 Nxc3 15. Qxc3 Rac8 16. Qd4 d5 17. Qh4 h6 18. cxd5 Bxd5 19. O-O Rfd8 20. Ba6 Rc2 21. Rfc1 Ba2 22. Rxc2 Bxb1 23. Rc1 Bg6 24. h3 e5 25. Qg3 Rd5 26. Bc4 Ne4 27. Qxg6 fxg6 28. Bxd5+ Kh7 29. Bxe4 1-0

[Event "2BLO 2223 Erfurter SK - SC Bavaria Rege"]
[Site "?"]
[Date "2022.11.26"]
[Round "3.5"]
[White "Kilgus, Georg"]
[Black "Enders, Peter"]
[Result "1-0"]
[WhiteElo "2392"]
[BlackElo "2418"]
[PlyCount "77"]
[EventDate "2022.??.??"]

1. d4 Nf6 2. c4 g6 3. Nc3 Bg7 4. e4 d6 5. Bd3 O-O 6. Nge2 Nc6 7. O-O e5 8. d5 Nd4 9. Bg5 h6 10. Be3 Nxe2+ 11. Qxe2 Nh5 12. g3 Nf6 13. Kh1 Nh7 14. f3 h5 15. a4 h4 16. g4 Bf6 17. a5 Bg5 18. b4 Bd7 19. c5 a6 20. Bf2 Qf6 21. Bg1 Rfc8 22. c6 bxc6 23. Bxa6 Rcb8 24. dxc6 Bxc6 25. b5 Bb7 26. Bxb7 Rxb7 27. a6 Rbb8 28. Nd5 Qd8 29. Qc4 Rc8 30. a7 Nf6 31. Ra6 Nxd5 32. Qxd5 h3 33. Rc6 Kg7 34. Ra1 Bf4 35. Bf2 Qe8 36. Ra2 g5 37. Rac2 Rcb8 38. axb8=Q Ra1+ 39. Bg1 1-0

[Event "2BLO 2223 Erfurter SK - SC Bavaria Rege"]
[Site "?"]
[Date "2022.11.26"]
[Round "3.6"]
[White "Mueller, Matthias"]
[Black "Goldbeck, Lars"]
[Result "1/2-1/2"]
[WhiteElo "2384"]
[BlackElo "2262"]
[PlyCount "43"]
[EventDate "2022.??.??"]

1. e4 c6 2. d4 d5 3. Nc3 dxe4 4. Nxe4 Nd7 5. Nf3 Ngf6 6. Nxf6+ Nxf6 7. Ne5 Be6 8. Be2 g6 9. O-O Bg7 10. Re1 O-O 11. a4 a5 12. c3 Qb6 13. Bc4 Bxc4 14. Nxc4 Qc7 15. Qf3 Nd5 16. Bg5 Bf6 17. Bxf6 Nxf6 18. Re5 Rfe8 19. Rae1 Kg7 20. h3 e6 21. Qd1 Red8 22. Qc1 1/2-1/2

[Event "2BLO 2223 Erfurter SK - SC Bavaria Rege"]
[Site "?"]
[Date "2022.11.26"]
[Round "3.7"]
[White "Oberhofer, Cedric"]
[Black "Voekler, Bernd"]
[Result "1/2-1/2"]
[WhiteElo "2274"]
[BlackElo "2339"]
[PlyCount "88"]
[EventDate "2022.??.??"]

1. c4 Nf6 2. g3 g6 3. Bg2 Bg7 4. Nc3 O-O 5. d4 d6 6. Nf3 Nbd7 7. O-O e5 8. e4 Re8 9. h3 a6 10. Be3 exd4 11. Nxd4 Nc5 12. Qc2 Bd7 13. Rad1 Qc8 14. Kh2 Rb8 15. b4 Ne6 16. Nb3 h6 17. f4 Nf8 18. Rfe1 h5 19. Bf2 Ne6 20. Nd5 h4 21. Nxf6+ Bxf6 22. e5 dxe5 23. fxe5 hxg3+ 24. Bxg3 Bg5 25. Qf2 Re7 26. Nd2 Bxd2 27. Rxd2 Qf8 28. Qe3 Ba4 29. Bd5 Ng7 30. Bh4 c6 31. Bf3 Re6 32. Bf6 Ne8 33. Bg4 Rxf6 34. exf6 Nxf6 35. Qf4 Nxg4+ 36. hxg4 Rd8 37. Kg3 Rxd2 38. Qxd2 c5 39. a3 Bc6 40. Rd1 cxb4 41. axb4 Kh7 42. Qf4 Qe7 43. Rf1 Kg8 44. g5 Qe6 1/2-1/2

[Event "2BLO 2223 Erfurter SK - SC Bavaria Rege"]
[Site "?"]
[Date "2022.11.26"]
[Round "3.8"]
[White "Casper, Thomas"]
[Black "Kleibel, Uwe"]
[Result "1/2-1/2"]
[WhiteElo "2348"]
[BlackElo "2238"]
[PlyCount "33"]
[EventDate "2022.??.??"]

1. e4 c6 2. d4 d5 3. Nc3 dxe4 4. Nxe4 Nf6 5. Nxf6+ exf6 6. Bc4 Bd6 7. Qe2+ Be7 8. Nf3 O-O 9. h3 Bd6 10. O-O Re8 11. Qd3 Be6 12. Bd2 Bxc4 13. Qxc4 Na6 14. Rfe1 Qd7 15. Rxe8+ Rxe8 16. Re1 Nc7 17. Rxe8+ 1/2-1/2

[Event "2BLO 2223 MSA Zugzwang - SK Göggingen"]
[Site "?"]
[Date "2022.11.27"]
[Round "4.1"]
[White "Postny, Evgeny"]
[Black "Bromberger, Stefan"]
[Result "1/2-1/2"]
[WhiteElo "2588"]
[BlackElo "2475"]
[PlyCount "89"]
[EventDate "2022.??.??"]

1. d4 Nf6 2. c4 e6 3. g3 d5 4. Bg2 Bb4+ 5. Nd2 O-O 6. Ngf3 dxc4 7. Qc2 a5 8. Qxc4 b6 9. a3 Ba6 10. Qc2 Be7 11. Nc4 Bb7 12. O-O Be4 13. Qd1 Nbd7 14. Bf4 Nd5 15. Ncd2 Bg6 16. Rc1 Rc8 17. Be5 f6 18. Bf4 Bf7 19. Nc4 Nxf4 20. gxf4 c5 21. dxc5 Rxc5 22. Ne3 Qc7 23. f5 Rxc1 24. Qxc1 Qxc1 25. Rxc1 Bc5 26. fxe6 Bxe6 27. Nc2 Rc8 28. Ncd4 Nf8 29. Nxe6 Nxe6 30. e3 Rd8 31. Kf1 Kf7 32. Ke2 Re8 33. Rc4 g5 34. Ke1 b5 35. Rc2 b4 36. axb4 Bxb4+ 37. Kf1 Rd8 38. Bh3 h5 39. Bxe6+ Kxe6 40. Nd4+ Kd5 41. h3 Rb8 42. Ke2 Bd6 43. Rd2 Be5 44. Nb3+ Ke6 45. Nxa5 1/2-1/2

[Event "2BLO 2223 MSA Zugzwang - SK Göggingen"]
[Site "?"]
[Date "2022.11.27"]
[Round "4.2"]
[White "Shengelia, David"]
[Black "Braeuer, Franz"]
[Result "1/2-1/2"]
[WhiteElo "2466"]
[BlackElo "2447"]
[PlyCount "70"]
[EventDate "2022.??.??"]

1. d4 Nf6 2. c4 e6 3. Nf3 d5 4. e3 a6 5. b3 b6 6. Bd3 Bb7 7. O-O Nbd7 8. Bb2 Bd6 9. Nbd2 O-O 10. Rc1 Qe7 11. Ne5 c5 12. Nxd7 Nxd7 13. cxd5 exd5 14. dxc5 bxc5 15. Qc2 Qh4 16. g3 Qh5 17. e4 d4 18. Nc4 Bc7 19. Rce1 a5 20. a4 Nb8 21. Ba3 Na6 22. Nd2 Rfd8 23. f4 Rac8 24. Qd1 Qxd1 25. Rxd1 Nb4 26. Bxb4 cxb4 27. Rc1 Bb8 28. Nc4 Rc5 29. Kf2 f6 30. Ke2 Re8 31. Kd2 g6 32. Rfe1 Kg7 33. Re2 Re7 34. e5 fxe5 35. fxe5 Bf3 1/2-1/2

[Event "2BLO 2223 MSA Zugzwang - SK Göggingen"]
[Site "?"]
[Date "2022.11.27"]
[Round "4.3"]
[White "Nestorovic, Nikola"]
[Black "Baidetskyi, Valentin"]
[Result "1/2-1/2"]
[WhiteElo "2477"]
[BlackElo "2452"]
[PlyCount "47"]
[EventDate "2022.??.??"]

1. e4 c5 2. Nf3 d6 3. d4 cxd4 4. Nxd4 Nf6 5. Nc3 g6 6. Be3 Bg7 7. Be2 Nc6 8. Qd2 O-O 9. O-O-O Ng4 10. Bxg4 Bxg4 11. f3 Be6 12. Nxe6 fxe6 13. Bh6 Qb6 14. Bxg7 Kxg7 15. f4 Rac8 16. Rhf1 Na5 17. b3 Qb4 18. Rf3 Rc5 19. Na4 Qxd2+ 20. Rxd2 Rh5 21. g4 Rh4 22. e5 Rxg4 23. exd6 exd6 24. Rxd6 1/2-1/2